Personnalités qui ont incarné Marianne (en images) - Statistiques

Statistiques générales
  • Ce quiz a été pris 37 fois
  • Le résultat moyen est 7 sur 9
Statistiques - réponses
Par images Hint Réponse % Correct
Chanteuse, actrice, activiste (1970) Brigitte Bardot
100%
Actrice (1985) Catherine Deneuve
91%
Actrice (2000) Laetitia Casta
86%
Chanteuse (1978) Mireille Mathieu
80%
Journaliste, femme de DSK (1991) Anne Sinclair
77%
Animatrice de télévision (2003) Évelyne Thomas
71%
Mannequin (1989) Inès de la Fressange
63%
Mannequin, escort-girl (2015) Zahia Dehar
60%
Actrice (1972) Michèle Morgan
34%
Aucun quiz correspondant
Distribution des résultats
% des personnes avec chaque résultat
Percentile par nombre de réponses
Votre historique - résultats
Vous n’avez pas pris ce quiz